النفس الحائرة [alnafs alhayira ] / (Record no. 80057)
[ view plain ]
| 000 -LEADER | |
|---|---|
| fixed length control field | 00649nam a2200205 4500 |
| 001 - CONTROL NUMBER | |
| control field | 80057 |
| 003 - CONTROL NUMBER IDENTIFIER | |
| rucl marc code | BD-RjUL |
| 005 - DATE AND TIME OF LATEST TRANSACTION | |
| control field | 20220629121234.0 |
| 008 - FIXED-LENGTH DATA ELEMENTS--GENERAL INFORMATION | |
| fixed length control field | 220629s1927 su ||||| |||| 00| 0 ara d |
| 035 ## - SYSTEM CONTROL NUMBER | |
| System control number | (BD-RjUL)80057 |
| 040 ## - CATALOGING SOURCE | |
| Original cataloging agency | BD-RjUL |
| Language of cataloging | eng |
| Transcribing agency | BD-RjUL |
| 041 ## - LANGUAGE CODE | |
| Language code of text/sound track or separate title | ara |
| 082 ## - DEWEY DECIMAL CLASSIFICATION NUMBER | |
| Edition number | 23 |
| Classification number | 892.73 |
| Author mark and year | JAN 1927 |
| 100 1# - MAIN ENTRY--PERSONAL NAME | |
| Personal name | [jayshi farid] جيشي, فريد |
| 9 (RLIN) | 3940 |
| 245 14 - TITLE STATEMENT | |
| Title | النفس الحائرة [alnafs alhayira ] / |
| Statement of responsibility, etc. | [farid jayshi ] فريد جيشي |
| 264 ## - PRODUCTION, PUBLICATION, DISTRIBUTION, MANUFACTURE, AND COPYRIGHT NOTICE | |
| Place of production, publication, distribution, manufacture | misr : |
| Name of producer, publisher, distributor, manufacturer | almatbaeat aleasria , المطبعة العصرية |
| Date of production, publication, distribution, manufacture, or copyright notice | 1928 |
| 300 ## - PHYSICAL DESCRIPTION | |
| Pagination | 248 p. ; |
| Size | 20 cm. |
| 650 ## - SUBJECT ADDED ENTRY--TOPICAL TERM | |
| Topical term or geographic name as entry element | Arabic literature |
| Form subdivision | story |
| 9 (RLIN) | 3941 |
| 942 ## - ADDED ENTRY ELEMENTS (KOHA) | |
| Source of classification or shelving scheme | Dewey Decimal Classification |
| Koha item type | Books |
| Lost status | Source of classification or shelving scheme | Damaged status | Not for loan | Collection code | Permanent Location | Current Location | Shelving location | Date acquired | Full call number | Date last seen | Copy number | Koha item type |
|---|---|---|---|---|---|---|---|---|---|---|---|---|
| Dewey Decimal Classification | Not For Loan | Non-fiction | Central Library, University of Rajshahi | Central Library, University of Rajshahi | Reading Room | 29/06/2022 | A 892.73 JAN 1927 | 29/06/2022 | C-1 | Books |